000 00429nam a22001817a 4500
003 MPLRDC
005 20220104145420.0
008 210129b ||||| |||| 00| 0 eng d
082 _a326.1 BL
100 _aA. 贝利著, 翰生译
245 _a瞬时星际旅行趣谈
_c
250 _a初版
260 _a
_b世茂出版社
_c1985
300 _b
490 _a科技文库; 011
650 _a
942 _cBK
_o326.1 BL
999 _c51303
_d51293